000 00695nam a2200217Ii 4500
003 JO-AjNU
008 230605s9999||||xx |||||||||||||| ||und||
017 _a1992/1/54
040 _aJO-AjNU
_bara
_erda
_cJO-AjNU
041 _aara
050 1 4 _aHA35.A2288.1992
100 3 _aبكر،عبدالرحمن محمد/محمد عبدالكريم عودة,
_eauthor
_921076
245 0 0 _aالواضح في الاحصاء
250 _aط1
264 3 1 _aعمان:دار الابداع للنشر والنوزيع
300 _a216ص
336 _atext
_btxt
_2rdacontent
337 _aunmediated
_bn
_2rdamedia
338 _avolume
_bnc
_2rdacarrier
650 4 _aالاحصاء الوصفي
_921077
999 _aA7261
_c10829
_d10829